LEADER 03216 am 2200709 n 450 001 9910214941203321 005 20170302 010 $a2-7099-2285-1 024 7 $a10.4000/books.irdeditions.9952 035 $a(CKB)3710000001633278 035 $a(FrMaCLE)OB-irdeditions-9952 035 $a(oapen)https://directory.doabooks.org/handle/20.500.12854/53995 035 $a(PPN)267950144 035 $a(EXLCZ)993710000001633278 100 $a20170608j|||||||| ||| 0 101 0 $afre 135 $auu||||||m|||| 181 $ctxt$2rdacontent 182 $cc$2rdamedia 183 $acr$2rdacarrier 200 10$aMoustiquaires imprégnées et résistance des moustiques aux insecticides /$fFrédéric Darriet 210 $aMarseille $cIRD Éditions$d2017 215 $a1 online resource (116 p.) 311 $a2-7099-1624-X 330 $aLe contrôle du paludisme requiert plusieurs moyens de lutte associés au sein de stratégies adaptées au contexte environnemental et épidémiologique. Les moustiquaires imprégnées de pyréthrinoïdes constituent l?un des outils préventifs dans cette lutte : leur utilisation est simple et permet une protection individuelle et collective durable et accessible à tous. Cependant, depuis plus de dix ans, Anopheles gambiae, le principal vecteur du paludisme en Afrique, est devenu résistant à de nombreux insecticides. Cette résistance pose des questions d?ordre fondamental et opérationnel : le comportement des moustiques s?en trouve-t-il modifié ? Cette résistance s'accompagne-t-elle d'une réduction significative de l'efficacité des moustiquaires imprégnées ? À travers la synthèse de travaux de recherche réalisés tant en laboratoire que sur le terrain, cet ouvrage révèle pourquoi les moustiquaires imprégnées d'insecticides resteront, pendant longtemps encore, une arme indispensable dans la lutte contre le paludisme. 606 $aPublic Health & Health Care Science 606 $amoustique 606 $avecteur de maladie 606 $aculicidae 606 $alutte contre les moustiques 606 $apaludisme 606 $ainsecticide 606 $arésistance aux insecticides 606 $aanopheles gambiae 606 $aprévention 610 $aculicidae 610 $alutte contre les moustiques 610 $apaludisme 610 $aprévention 610 $avecteur de maladie 610 $aanopheles gambiae 610 $ainsecticide 610 $amoustique 610 $arésistance aux insecticides 615 4$aPublic Health & Health Care Science 615 4$amoustique 615 4$avecteur de maladie 615 4$aculicidae 615 4$alutte contre les moustiques 615 4$apaludisme 615 4$ainsecticide 615 4$arésistance aux insecticides 615 4$aanopheles gambiae 615 4$aprévention 700 $aChippaux$b Jean-Philippe$0932427 701 $aRobert$b Vincent$01285180 701 $aDarriet$b Frédéric$01287221 801 0$bFR-FrMaCLE 906 $aBOOK 912 $a9910214941203321 996 $aMoustiquaires imprégnées et résistance des moustiques aux insecticides$93020109 997 $aUNINA LEADER 03852nam 22007095 450 001 9910298466603321 005 20200920111919.0 010 $a3-319-16244-6 010 $a3-319-16243-8 024 7 $a10.1007/978-3-319-16244-7 035 $a(CKB)2670000000618810 035 $a(EBL)2094508 035 $a(SSID)ssj0001500753 035 $a(PQKBManifestationID)11854325 035 $a(PQKBTitleCode)TC0001500753 035 $a(PQKBWorkID)11521623 035 $a(PQKB)10315207 035 $a(DE-He213)978-3-319-16244-7 035 $a(MiAaPQ)EBC2094508 035 $a(PPN)186026110 035 $a(EXLCZ)992670000000618810 100 $a20150525d2015 u| 0 101 0 $aeng 135 $aur|n|---||||| 181 $ctxt 182 $cc 183 $acr 200 10$aManagement of Competitiveness $eTheory and Practice /$fby Alexander Chursin, Yury Makarov 205 $a1st ed. 2015. 210 1$aCham :$cSpringer International Publishing :$cImprint: Springer,$d2015. 215 $a1 online resource (386 p.) 300 $aDescription based upon print version of record. 311 08$aPrint version: Chursin, Alexander. Management of competitiveness : theory and practice. Cham, Switzerland : Springer, c2015 x, 378 pages 9783319162430 320 $aIncludes bibliographical references. 327 $aIntroduction -- Formation of the Theory of Competitiveness Management -- Theoretical Bases of Competitiveness Management -- Quantitative Evaluation of the Product Competitiveness -- Quantitative Evaluation of the Firm Competitiveness -- Theoretical Approaches to Assessment of Productive Industry Competitiveness -- Formation of the Firm Competitiveness MIS Systems -- Theoretical Approaches to Formation of the Systems of High Tech Industries Competitiveness Management -- Conclusion. 330 $aThis volume of selected articles is being released in light of the new economic, social and environmental challenges Europe and the United States have been faced with following the end of the Cold War and in the evolving era of globalization. National security, immigration, and the provision of health and other key social services call for a radically different outlook in terms of policy discussions. The contributors of this book focus on seven key policy issues and challenges that currently affect the United States and Europe: income distribution, the gender pay gap, crime and security, unemployment, health care, the demographic question, and environmental regulation. The purpose of this volume is to analyze how public policy within the European context is responding to the challenges posed by this new global era. 606 $aManagement 606 $aIndustrial management 606 $aGlobalization 606 $aMarkets 606 $aLeadership 606 $aInnovation/Technology Management$3https://scigraph.springernature.com/ontologies/product-market-codes/518000 606 $aEmerging Markets/Globalization$3https://scigraph.springernature.com/ontologies/product-market-codes/525010 606 $aBusiness Strategy/Leadership$3https://scigraph.springernature.com/ontologies/product-market-codes/515010 615 0$aManagement. 615 0$aIndustrial management. 615 0$aGlobalization. 615 0$aMarkets. 615 0$aLeadership. 615 14$aInnovation/Technology Management. 615 24$aEmerging Markets/Globalization. 615 24$aBusiness Strategy/Leadership. 676 $a330 676 $a381 676 $a658.4092 676 $a658514 700 $aChursin$b Alexander$4aut$4http://id.loc.gov/vocabulary/relators/aut$0954561 702 $aMakarov$b Yury$4aut$4http://id.loc.gov/vocabulary/relators/aut 906 $aBOOK 912 $a9910298466603321 996 $aManagement of Competitiveness$92540343 997 $aUNINA